[Event "18th Cvijet Mediterana 2018"]
[Site "Rijeka"]
[Date "2018.03.01"]
[Round "7"]
[White "Berke, Ana"]
[Black "Velickovski-Nejkovic, Maja"]
[Result "1/2-1/2"]
[WhiteElo "2151"]
[BlackElo "2186"]
[Annotator "TA"]
[PlyCount "131"]
[EventDate "2018.??.??"]
[EventCountry "CRO"]
[SourceTitle "playchess.com"]
[Source "ChessBase"]
[SourceQuality "1"]

{[%evp 18,131,33,28,38,11,37,29,33,33,45,38,24,-24,-19,-24,-23,-19,-23,-14,-12,-12,17,-8,0,0,0,-19,0,3,120,119,127,129,120,126,124,116,129,111,129,117,110,123,109,53,45,26,21,-79,-79,-76,-15,-62,-68,-92,-91,-89,-87,-106,-85,-80,-76,-76,-77,-191,-151,-155,-153,-171,-165,-210,-119,-121,-153,-128,-81,-229,-109,-210,0,-37,-35,-34,-34,-208,-221,-1252,-1076,-1026,-1093,-915,-601,-5600,-5093,-29968,-29968,-29970,-4134,-29978,-29979,-29979,-29980,-29978,0,0,0,0,0,0,0,0,0,0,0,0]} 1. e4 d6 2. d4 Nf6 3. Nc3 e5 4. Nf3 Nbd7 5. Bc4 Be7 6. O-O O-O 7. a4 c6 8. Re1 h6 9. h3 Re8 10. Ba2 {LiveBook: 37 Games. C41: Philidor Defence} exd4 (10... Qc7 11. Nh4 exd4 12. Qxd4 Nf8 13. Qd3 Be6 14. Bxe6 Nxe6 15. Nf5 Bf8 16. Qf3 Nd7 17. Be3 Ne5 {1-0 (59) Grischuk,A (2764)-Jobava,B (2711) Beijing 2012}) 11. Qxd4 Bf8 $146 ({Find the theoretical novelty and annotate with similar games:} 11... Nc5 12. b4 Ne6 13. Qd3 a5 14. Bxe6 Bxe6 15. b5 d5 16. e5 Nd7 17. Nd4 Nc5 {1-0 (60) Kiss,F (2190)-Lendvai,E (2080) Tapolca 1996}) 12. Bf4 {White is slightly better.} Nc5 13. Rad1 Be6 {Black wants to play ...Bxa2.} 14. b4 Nxa4 15. Nxa4 {Strongly threatening Bxe6.} Bxa2 16. Nc3 Be6 17. Bxd6 Qxd6 18. Qxd6 Bxd6 19. Rxd6 Kf8 20. Red1 Ke7 21. e5 Nd5 22. Ne4 Bf5 23. Nc5 Rab8 (23... Bxc2 $11 24. Rd2 b6) 24. Nd4 $16 Bc8 25. Na6 $36 {[%mdl 2048] Black is under strong pressure.} Ra8 26. c4 $1 {[%cal Rc4d5]} ({Don't play} 26. Nc5 $6 Nxb4 27. Rb1 a5 $11) 26... Nc3 27. Rd3 Ne4 28. Nc7 Bd7 29. Nxa8 Rxa8 30. Nb3 Nxd6 31. exd6+ {[%mdl 4096] Endgame KRB-KRN} Kd8 $1 32. Nc5 b6 33. Nxd7 (33. Na6 $1 $11) 33... Kxd7 $11 {KR-KR} 34. c5 Re8 (34... a5 $17 35. Ra3 bxc5 36. bxc5 a4) 35. Ra3 {[#]} a5 $1 {[%mdl 512]} 36. bxa5 bxc5 37. a6 c4 38. Rc3 Kxd6 {aiming for ...Kc5.} 39. Rxc4 Re1+ 40. Kh2 Ra1 41. Rg4 (41. Rd4+ $17 {is a better defense.} Ke7 42. Re4+ Kf8 43. Kg3) 41... g6 ({Inferior is} 41... Rxa6 42. Rxg7 Ke7 43. Kg3 $11) 42. Rf4 Ke6 $1 ({Worse is} 42... Rxa6 43. Rxf7 Ke6 44. Rg7 $11) 43. g4 Rxa6 44. h4 Ra5 (44... c5 $19 45. Kg3 f6) 45. Kg3 $17 Re5 46. Ra4 Kd6 47. Kf4 (47. Ra6 $17 {keeps fighting.}) 47... Re7 (47... c5 $1 $19 {is more deadly.} 48. Ra7 Re2) 48. Ra8 (48. h5 $17) 48... Kd5 $2 (48... c5 $19 {And now ...c4 would win.} 49. Rc8 Kd5 50. Rd8+ Kc6 51. Rc8+ Kb5 52. Rb8+ Ka5 53. Ra8+ Kb4) 49. Rh8 c5 {[%cal Bc6c5,Bc5c4,Bc4c3,Bc3c2][%mdl 32] ...c4 is the strong threat.} 50. Rxh6 c4 51. h5 $2 (51. Rh8 $15) 51... gxh5 $1 $19 52. Rxh5+ $2 (52. gxh5 c3 53. Ra6) 52... Kd4 53. Rh8 c3 54. Rc8 Kd3 55. Kf5 c2 56. f4 {[#]} Re6 $1 {[%cal Re6b6]} 57. g5 Ra6 (57... Rb6 $142 58. Rd8+ Kc3 59. Rc8+ Kb2 60. Rc7 c1=Q 61. Rxc1 Kxc1 62. Ke4 Kd2 63. f5 Rb5 64. g6 fxg6 65. fxg6 Rg5 66. Kf3 Rxg6 67. Ke4 Rg4+ 68. Kf5 Rd4 69. Ke6 Ke3 70. Ke5 Rd8 71. Kf5 Re8 72. Kg6 Kf4 73. Kf7 Re4 74. Kg6 Re6+ 75. Kg7 Kg5 76. Kf7 Re2 77. Kg7 Rf2 78. Kh8 Kh6 79. Kg8 Kg6 80. Kh8 Rf8#) 58. Ke5 Ra4 59. Rxc2 Kxc2 {KR-KPP} 60. f5 {[#]} Kd3 $2 (60... Ra6 $1 {NOTEXT} 61. Ke4 Rb6 62. Ke5 Kd3 63. Kf4 Rb5 64. g6 f6 65. Kg4 Ke4 66. Kh5 Rxf5+ 67. Kh6 Rg5 68. Kh7 f5 69. Kg8 f4 70. g7 f3 71. Kh7 Rg3 72. g8=Q Rxg8 73. Kxg8 f2 74. Kf7 Ke5 75. Kf8 Ke6 76. Kg8 f1=Q 77. Kh7 Kf6 78. Kg8 Qg2+ 79. Kh8 Qg7#) 61. g6 $11 {The position is equal.} fxg6 62. fxg6 Rg4 63. Kf6 Ke4 64. g7 Rf4+ 65. Ke7 Rg4 66. Kf7 {Precision: White = 33%, Black = 53%.} 1/2-1/2

[Event "18th Cvijet Mediterana 2018"]
[Site "Rijeka"]
[Date "2018.03.01"]
[Round "7"]
[White "Medic, Mirjana"]
[Black "Kejzar, Petra"]
[Result "1/2-1/2"]
[WhiteElo "2131"]
[BlackElo "2039"]
[Annotator "TA"]
[PlyCount "49"]
[EventDate "2018.??.??"]
[EventCountry "CRO"]
[SourceTitle "playchess.com"]
[Source "ChessBase"]
[SourceQuality "1"]

{[%evp 21,49,12,10,0,0,0,7,2,2,0,25,29,37,15,21,0,0,-1,6,6,4,2,2,0,0,0,0,0,0,0]} 1. d4 g6 2. g3 Bg7 3. Bg2 d6 4. Nf3 f5 5. c4 Nf6 6. Nc3 O-O 7. O-O c6 8. d5 e5 9. dxe6 Bxe6 10. Qd3 Na6 {[%cal Bb8a6,Ba6c5,Bc5e4][%mdl 32]} 11. Ng5 Qe7 {LiveBook: 39 Games} 12. Nxe6 {A88: Dutch Defence: Leningrad System: 5 Nf3 0-0 6 0-0 d6 7 Nc3 c6} (12. Bf4 Rad8 13. Rad1 Nh5 14. Nxe6 Qxe6 15. Bg5 Rd7 16. Na4 f4 17. Bxf4 Rxf4 18. gxf4 Nxf4 19. Qe4 Nxe2+ 20. Kh1 Qxe4 21. Bxe4 {½-½ (47) Iskandarov,M (2376)-Bajarani,U (2515) Konya 2015}) 12... Qxe6 13. Bf4 Rad8 14. Rad1 Nc5 15. Qc2 Nfe4 $146 ({Find the theoretical novelty and annotate with similar games:} 15... Rfe8 16. b3 Rd7 17. Be3 Nfe4 18. Nxe4 Nxe4 19. Bxe4 Qxe4 20. Qxe4 Rxe4 {½-½ (28) Cederqvist,N (2191)-Rylander,D (2320) Sweden 2000}) 16. Nxe4 Nxe4 17. f3 Nf6 {The position is equal.} 18. e4 fxe4 19. fxe4 Rfe8 20. b3 Nxe4 21. Rfe1 {[%cal Re1e4]} d5 22. Bxe4 dxe4 23. Rxd8 Rxd8 24. Qxe4 Qxe4 25. Rxe4 1/2-1/2

[Event "18th Cvijet Mediterana 2018"]
[Site "Rijeka"]
[Date "2018.03.01"]
[Round "7"]
[White "Vujnovic, Patricija"]
[Black "Doluhanova, Evgeniya"]
[Result "1/2-1/2"]
[WhiteElo "2083"]
[BlackElo "2319"]
[Annotator "TA"]
[PlyCount "100"]
[EventDate "2018.??.??"]
[EventCountry "CRO"]
[SourceTitle "playchess.com"]
[Source "ChessBase"]
[SourceQuality "1"]

{[%evp 9,100,-18,-9,-38,-10,-13,12,16,18,16,19,26,23,0,12,5,0,7,7,-3,0,-9,0,0,0,0,0,0,0,5,6,0,14,0,0,0,0,0,0,0,0,0,0,0,0,0,0,0,0,-60,-38,-36,-26,-26,0,0,0,0,0,0,0,0,0,0,0,0,32,0,6,12,28,30,29,0,0,0,0,0,14,0,0,0,0,0,0,0,0,0,0,0,0,0,0]} 1. e4 c5 2. Nc3 Nc6 3. Bb5 g6 4. Bxc6 bxc6 5. d4 (5. d3 Bg7 6. f4 c4 7. d4 d5 8. e5 h5 9. Nf3 Nh6 10. O-O Bg4 11. b3 Nf5 12. Na4 Nh4 13. Nc5 Qc8 14. bxc4 dxc4 {½-½ (81) Zhao,J (2604)-Naiditsch,A (2705) Riadh 2017}) 5... Bg7 6. Be3 {B23: Closed Sicilian: Lines without g3} Qb6 $146 {[%cal Rc5d4]} (6... Rb8 {with more complications.} 7. Nge2 Rxb2 8. dxc5 Ba6 9. Rb1 Rxb1 10. Qxb1 Nf6) ({Predecessor:} 6... Qa5 7. Nge2 Nf6 8. f3 cxd4 9. Nxd4 Ba6 10. Qd2 Qc7 11. Bh6 Bxh6 12. Qxh6 d6 {1-0 (49) Gormally,D (2506)-Doran,C (1961) West Bromwich 2014}) 7. Nge2 cxd4 8. Bxd4 Bxd4 9. Qxd4 Qxd4 10. Nxd4 e5 11. Nde2 f6 12. O-O-O Nh6 13. Rd2 Ke7 14. f3 d6 15. Rhd1 Nf7 16. b3 Be6 17. Na4 f5 18. c4 fxe4 19. fxe4 Rad8 20. h3 Rhg8 21. Nec3 g5 22. c5 g4 23. h4 g3 24. Rd3 Rg4 25. cxd6+ Rxd6 26. Nc5 Bc8 27. Rxd6 Nxd6 28. Rd3 h5 29. a4 (29. Rf3 $11) 29... a5 $15 30. Re3 Rxh4 {[#] Threatens to win with ...Rh1+.} 31. Rxg3 Bg4 32. Rd3 Rh2 33. Rd2 h4 34. Kc2 Bc8 35. Nd3 Nf7 36. b4 axb4 37. Nxb4 Bb7 38. a5 {Black must now prevent a6.} Nd6 $1 {[%cal Rd6c4]} 39. a6 Bxa6 40. Nxa6 {Nb4 is the strong threat.} Nc4 $1 {[%cal Rc4d2]} 41. Re2 {[#] Hoping for Nb4.} (41. Rd3 $5 {[%cal Rc2b3]}) 41... Rxg2 $1 {The position is equal.} 42. Rxg2 Ne3+ 43. Kd2 Nxg2 44. Ke2 h3 45. Kf2 Nf4 {aiming for ...h2.} 46. Kg3 Kd6 47. Nb4 Kc5 48. Nc2 Kc4 49. Nd1 Kd3 50. Nb4+ Kxe4 {Precision: White = 60%, Black = 73%.} 1/2-1/2

[Event "18th Cvijet Mediterana 2018"]
[Site "Rijeka"]
[Date "2018.03.02"]
[Round "8"]
[White "Doluhanova, Evgeniya"]
[Black "Tomilova, Elena"]
[Result "1/2-1/2"]
[WhiteElo "2319"]
[BlackElo "2331"]
[Annotator "NA"]
[PlyCount "51"]
[EventDate "2018.??.??"]
[EventCountry "CRO"]
[SourceTitle "playchess.com"]
[Source "ChessBase"]
[SourceQuality "1"]
[TimeControl "5400+30"]

{[%evp 8,43,-11,32767,32767,32767,-18,-6,32767,-20,-3,2,-5,-15,-17,-22,-6,-17,-7,32767,32767,32767,32767,32767,32767,32767,-15,-18,32767,0,0,32767,32767,32767,0,0,-17,-16]} 1. e4 e6 2. d4 d5 3. Bd3 dxe4 4. Bxe4 Nf6 {LiveBook: 292 Games} 5. Bf3 c5 6. Ne2 Be7 {C01: Französische Verteidigung (Abtauschvariante)} (6... Nc6 7. Be3 Nd5 8. Bxd5 Qxd5 9. Nbc3 Qxg2 10. Rg1 Qf3 11. Nb5 Rb8 12. dxc5 Bd7 13. Nc7+ Kd8 14. Nb5 {0-1 (54) Kramnik,V (2808)-Caruana,F (2808) Stavanger 2017}) 7. Be3 O-O 8. O-O Qa5 9. Nbc3 Nc6 10. Qe1 cxd4 11. Nxd4 Ne5 12. Qe2 Nxf3+ 13. Qxf3 Bd7 14. Rfd1 $146 ({Vorgänger:} 14. Rfe1) 14... Rfd8 15. h3 Qc7 16. Bg5 Be8 17. Rd3 a6 18. Rad1 Rac8 19. a3 h6 20. Bh4 Rd7 21. Qe2 Rcd8 22. Ne4 $11 Nxe4 23. Bxe7 Rxe7 24. Qxe4 Red7 25. c3 Rd5 26. Nf3 1/2-1/2

[Event "18th Cvijet Mediterana 2018"]
[Site "Rijeka"]
[Date "2018.03.02"]
[Round "8"]
[White "Cvitan, Ena"]
[Black "Berke, Ana"]
[Result "1-0"]
[WhiteElo "2222"]
[BlackElo "2151"]
[Annotator "ChessBase"]
[PlyCount "85"]
[EventDate "2018.??.??"]
[EventCountry "CRO"]
[SourceTitle "playchess.com"]
[Source "ChessBase"]
[SourceQuality "1"]
[TimeControl "5400+30"]

1. d4 Nf6 2. c4 c5 3. d5 b5 4. Nd2 g6 5. e4 d6 6. Ngf3 Bg7 7. cxb5 O-O 8. a4 a6 9. Ra3 e6 10. dxe6 fxe6 11. Be2 Bb7 12. Qc2 Nbd7 13. O-O d5 14. Rd1 axb5 15. Bxb5 Qc7 16. h3 Kh8 17. b4 Rac8 18. bxc5 Nxc5 19. exd5 exd5 20. Bb2 Qe7 21. Qb1 Ba8 22. Re3 Qb7 23. Rde1 Nce4 24. Bd4 Qc7 25. Qa1 Qf4 26. Be5 Qf5 27. Nb3 Qe6 28. Nbd4 Qf7 29. Qb2 h6 30. Rc1 Rxc1+ 31. Qxc1 Kh7 32. Re2 Qe7 33. Rc2 Qb4 34. Rc7 Rg8 35. Ne6 g5 36. Nfd4 Kg6 37. f3 Nd2 38. Bd3+ Nfe4 39. Nxg7 Rb8 40. fxe4 dxe4 41. Bb5 Rf8 42. Nge6 Re8 43. Rg7+ 1-0

[Event "18th Cvijet Mediterana 2018"]
[Site "Rijeka"]
[Date "2018.03.02"]
[Round "8"]
[White "Velickovski-Nejkovic, Maja"]
[Black "Medic, Mirjana"]
[Result "1/2-1/2"]
[WhiteElo "2176"]
[BlackElo "2131"]
[Annotator "TA"]
[PlyCount "130"]
[EventDate "2018.??.??"]
[EventCountry "CRO"]
[SourceTitle "playchess.com"]
[Source "ChessBase"]
[SourceQuality "1"]

{[%evp 19,130,8,12,-2,0,-20,0,-4,15,0,29,22,29,30,51,34,44,53,40,43,56,38,60,53,45,0,42,50,40,0,0,-25,-8,-35,-34,-34,-35,-33,-35,-27,0,0,0,0,0,0,0,0,0,0,0,0,7,0,14,0,0,0,0,0,0,0,0,0,0,0,31,37,200,200,200,200,200,200,200,200,200,200,200,191,202,56,139,56,56,45,45,0,0,0,0,0,0,0,0,0,0,0,0,0,0,0,0,0,0,0,0,0,0,0,0,0,0]} 1. c4 e5 2. Nc3 Nf6 3. g3 d6 4. Bg2 Nc6 5. d3 g6 6. Rb1 a5 7. a3 Bg7 8. b4 axb4 9. axb4 O-O 10. b5 Nd4 {LiveBook: 9 Partien. A25: Englische Eröffnung (Sizilianisch im Anzug)} (10... Ne7 11. e4 Nd7 12. Nge2 Nc5 13. O-O f5 14. exf5 Bxf5 15. Be3 Bxd3 16. Bxb7 Rb8 17. Bxc5 Bxb1 18. Bd5+ Nxd5 19. Qxd5+ {½-½ (53) Jobava,B (2713)-Grigoryan,A (2608) Martuni 2011}) 11. h3 $146 ({Vorgänger:} 11. e3 Ne6 12. Nge2 Re8 13. O-O Nc5 14. d4 exd4 15. Nxd4 h5 16. h4 Bg4 17. Qc2 Qc8 18. Kh2 {½-½ (42) Taylor,W (2522)-Vayser,V (2556) ICCF email 2008}) 11... Re8 12. Bg5 h6 13. Bxf6 Bxf6 14. Nd5 Bg7 15. b6 Ne6 16. bxc7 Nxc7 17. Nb6 Ra7 18. Nxc8 Qxc8 19. e3 Ne6 20. Ne2 Nc5 21. O-O Ra3 22. d4 Rd3 23. Qc2 exd4 24. exd4 Bxd4 25. Rb5 {Droht stark Txc5!} Qf5 $36 {[%mdl 2048] Schwarz hat Druck.} 26. g4 Qe5 {[#]} 27. Qxd3 $1 {[%mdl 512]} Nxd3 28. Rxe5 Bxe5 29. Bxb7 Nf4 (29... Bh8 {keeps more tension.} 30. Bf3 Ne5 31. Kg2 Nxc4 32. Rd1 Kf8) 30. Nxf4 Bxf4 $11 {[%mdl 4096] Endspiel KTL-KTL} 31. Bd5 Kg7 32. Rb1 Re7 33. Rb8 Be5 34. Kg2 Bf4 35. h4 g5 36. Kf3 Bh2 37. hxg5 hxg5 38. Rb1 Bf4 39. Rh1 Re8 40. Rd1 Kf6 41. Rb1 Be5 42. Rb6 Kg7 43. Rb7 Rf8 $2 (43... Bf4 $14) 44. Ke4 $1 $18 Bf4 45. Kf5 Bd2 {[#]} 46. Re7 $1 Bc1 47. Rd7 Bf4 48. f3 Kh6 49. Bxf7 ({Finger weg von} 49. Rxf7 $6 Rxf7+ 50. Bxf7 Kg7 $16) 49... Bg3 50. Ke4 ({Besser ist} 50. Kf6 $18) 50... Bf4 {[#]} (50... Kg7 $1 $14 51. Bd5+ Kf6) 51. Be6 ({Lieber} 51. Kd5 $1 $16) 51... Kg6 $1 $14 52. Kd5 Ra8 53. Rxd6 Bxd6 {Die Stellung ist ausgeglichen.} 54. Kxd6 {KT-KL} Kf6 {Droht ...Ta6+ und aus.} 55. Bd7 Ra6+ 56. Bc6 Kf7 57. c5 Kf6 58. Kc7 {zielt auf Lb7 ab.} Ke7 59. Be4 Ra3 60. Kc6 Rc3 61. Kd5 Kd7 62. c6+ Rxc6 63. Ke5 Rc5+ 64. Kf6 $1 Ke8 65. Bf5 Rc3 {Precision: Weiß = 56%, Schwarz = 52%.} 1/2-1/2

[Event "18th Cvijet Mediterana 2018"]
[Site "Rijeka"]
[Date "2018.03.02"]
[Round "8"]
[White "Vujnovic, Patricija"]
[Black "Prudnykova, Olga"]
[Result "1-0"]
[WhiteElo "2083"]
[BlackElo "2282"]
[Annotator "TA"]
[PlyCount "141"]
[EventDate "2018.??.??"]
[EventCountry "CRO"]
[SourceTitle "playchess.com"]
[Source "ChessBase"]
[SourceQuality "1"]

{[%evp 14,141,14,10,14,6,12,11,13,22,25,-10,0,-26,-18,-16,-11,-32,-39,-35,-31,-33,-21,-50,-38,-55,-37,-44,27,-83,-93,-92,-95,-151,-111,-133,-116,-131,-114,-105,-88,-101,-86,-107,-35,-25,0,-100,-100,-133,-66,-67,-14,-16,-14,-16,-17,-26,-39,-33,-34,-56,-48,-64,0,0,0,0,0,0,0,0,0,-81,-86,-65,-54,-231,-227,-242,-18,-18,-8,-8,-8,-8,-8,-8,-8,-27,-8,-27,-27,-28,-8,-30,-27,-22,-1,0,0,0,0,-8,-8,-8,0,0,0,0,34,0,0,0,34,34,34,34,34,34,34,34,34,34,36,0,29983,29984,29984,29985]} 1. e4 c5 2. Nc3 a6 3. g3 b5 4. Bg2 Bb7 5. d3 e6 6. f4 d5 7. f5 {B23: Closed Sicilian: Lines without g3} (7. exd5 exd5 8. Nf3 Nf6 9. O-O Be7 10. Nh4 Qd7 11. f5 h6 12. Bf4 Nc6 13. Qd2 O-O-O 14. a3 Rhe8 {0-1 (55) Andriasian,Z (2631)-Zhigalko,S (2664) Martuni 2013}) 7... d4 8. fxe6 {LiveBook: 3 Games} fxe6 9. Nce2 {The position is equal.} e5 10. Nf3 Nc6 11. O-O Nf6 12. Bg5 $146 ({Predecessor:} 12. a4 b4 13. Bh3 Bc8 14. Bxc8 Qxc8 {½-½ (33) Pirs,M (2559)-Boccia,M (2465) ICCF email 2010}) 12... Be7 $1 13. Bh3 Bc8 14. Bxc8 Qxc8 15. Nh4 Qh3 16. Bxf6 $1 Bxf6 17. Nf3 O-O 18. c3 Qe6 19. a4 Rfb8 20. Qc2 bxa4 (20... c4 $15) 21. cxd4 (21. Nd2 $11) 21... cxd4 $17 22. Rxa4 Nb4 {[%cal Bc6b4,Bb4c2,Bc2e3][%mdl 32]} 23. Qb1 (23. Qd1 $142) 23... Qb3 24. Ra3 Qc2 25. Qxc2 Nxc2 26. Ra2 Ne3 27. Rfa1 Rb6 28. Nd2 Bg5 (28... Rc8 $17 29. b3 g6) 29. Nf3 $15 Bf6 (29... Nc2 $11 30. Nxg5 Nxa1 31. Rxa1 Rf8) 30. Nd2 $1 $17 Rc8 31. Rc1 Rxc1+ (31... Rf8 $1 $17 32. h4 Be7) 32. Nxc1 $15 Rc6 (32... Bg5 $15) 33. Ncb3 $11 Rc2 34. Rxa6 Rxb2 35. Ra1 Nc2 36. Ra8+ Kf7 37. Kf2 Nb4 38. Ke2 Rc2 (38... Bg5 $15) 39. Rb8 Be7 {Black wants to play ...Rc3.} 40. Rb5 Ke6 41. Na5 Rc3 42. Rb6+ Kf7 43. Ndc4 (43. Nb1 $11 Rc2+ 44. Nd2) 43... Nxd3 $17 44. Rb7 Kf6 45. h4 $2 {[#]} ({White should try} 45. Nb6 $1 $15 Nb4 46. Nd7+ Ke6 47. Nxe5 $1 {[%mdl 512]}) 45... Bd8 $1 $19 46. Nc6 Rxc4 $2 ({Black should play} 46... Nc5 $19 47. Rb4 Bc7) 47. Nxd8 {[%mdl 4096] Endgame KRN-KRN} Nc1+ 48. Kf3 Rc3+ 49. Kg4 $1 {[%cal Rg4h5] White threatens Kh5 and mate.} Ne2 $1 50. Rf7+ $1 Kg6 {[%csl Ge2][%cal Rc3g3]} 51. h5+ Kh6 52. Rf2 {[%cal Rd8f7]} Rxg3+ 53. Kh4 {[%cal Rd8f7]} g5+ 54. hxg6 {Threatens to win with Nf7+.} Re3 ({Don't play} 54... Kxg6 $6 55. Rxe2 Rg1 56. Ne6 $14) 55. Nf7+ Kg7 56. gxh7 Rxe4+ 57. Kh5 {[%csl Gf7][%cal Rh7h8]} Ng3+ 58. Kg5 $132 {[%csl Gf7][%cal Rh7h8][%mdl 2048] White is not keeping still} Kxh7 59. Nd6 Re3 {Hoping for ...Ne4+.} 60. Rf7+ Kg8 {Strongly threatening ...Ne4+.} 61. Kg6 Ne4 62. Rg7+ Kf8 63. Rf7+ Kg8 64. Nf5 {[#] Nh6+ would kill now.} Rg3+ $1 65. Nxg3 Nxg3 $14 {KR-KN} 66. Re7 {[%cal Re7e8]} Kf8 67. Rxe5 d3 68. Rd5 Ne4 69. Rf5+ Kg8 $2 {[%mdl 8192] [#]} (69... Ke7 $11) 70. Re5 $1 {[%cal Re5e8]} Nd6 71. Re6 {Precision: White = 55%, Black = 55%.} 1-0

[Event "18th Cvijet Mediterana 2018"]
[Site "Rijeka"]
[Date "2018.03.02"]
[Round "8"]
[White "Kejzar, Petra"]
[Black "Tsatsalashvili, Keti"]
[Result "1/2-1/2"]
[WhiteElo "2039"]
[BlackElo "2307"]
[Annotator "ChessBase"]
[PlyCount "77"]
[EventDate "2018.??.??"]
[EventCountry "CRO"]
[SourceTitle "playchess.com"]
[Source "ChessBase"]
[SourceQuality "1"]
[TimeControl "5400+30"]

1. e4 c6 2. d4 d5 3. Nc3 dxe4 4. Nxe4 Bf5 5. Ng3 Bg6 6. h4 h6 7. Nf3 Nd7 8. h5 Bh7 9. Bd3 Bxd3 10. Qxd3 e6 11. Bd2 Ngf6 12. O-O-O Be7 13. Kb1 Qc7 14. Ne4 Nxe4 15. Qxe4 Nf6 16. Qe2 Rd8 17. g4 c5 18. g5 hxg5 19. Bxg5 Rxh5 20. Bxf6 Rxh1 21. Rxh1 Bxf6 22. Qb5+ Qc6 23. Qxc6+ bxc6 24. Rh8+ Ke7 25. Rxd8 Kxd8 26. dxc5 Kd7 27. c4 e5 28. Kc2 Ke6 29. b4 Be7 30. Kd3 f5 31. Ke3 g5 32. Nd2 g4 33. Nb3 Bg5+ 34. Ke2 Kd7 35. a4 f4 36. f3 g3 37. Nd2 Bh4 38. Kf1 Be7 39. a5 1/2-1/2

[Event "18th Cvijet Mediterana 2018"]
[Site "Rijeka"]
[Date "2018.03.03"]
[Round "9.1"]
[White "Prudnykova, Olga"]
[Black "Doluhanova, Evgeniya"]
[Result "1/2-1/2"]
[WhiteElo "2282"]
[BlackElo "2319"]
[Annotator "TA"]
[PlyCount "33"]
[EventDate "2018.??.??"]
[EventCountry "CRO"]
[SourceTitle "playchess.com"]
[Source "ChessBase"]
[SourceQuality "1"]

{[%evp 15,16,0,14]} 1. d4 Nf6 2. Nf3 e6 3. Bf4 d5 4. e3 Be7 5. h3 O-O 6. Nbd2 b6 7. c3 c5 8. Bd3 Bb7 {LiveBook: 55 Games} {Find the theoretical novelty and annotate with similar games:} 9. Ne5 $146 Ne4 10. Qc2 f6 11. Nef3 f5 12. Ne5 Nc6 13. Ndf3 c4 14. Be2 b5 15. O-O a5 16. Nxc6 Bxc6 17. Ne5 {½-½ (36) Kamsky,G (2706)-Almasi,Z (2690) Tromsoe 2014} 1/2-1/2

[Event "18th Cvijet Mediterana 2018"]
[Site "Rijeka"]
[Date "2018.03.03"]
[Round "9.2"]
[White "Berke, Ana"]
[Black "Vujnovic, Patricija"]
[Result "1/2-1/2"]
[WhiteElo "2151"]
[BlackElo "2083"]
[Annotator "NA"]
[PlyCount "121"]
[EventDate "2018.??.??"]
[EventCountry "CRO"]
[SourceTitle "playchess.com"]
[Source "ChessBase"]
[SourceQuality "1"]
[TimeControl "5400+30"]

1. e4 {[%emt 0:00:30]} c5 {[%emt 0:01:00]} 2. Nf3 {[%emt 0:00:30]} d6 {[%emt 0:00:00]} 3. Bb5+ {[%emt 0:00:00]} Nd7 {[%emt 0:00:00]} 4. O-O {[%emt 0:00:00]} Ngf6 {[%emt 0:01:30]} 5. Re1 {[%emt 0:00:30]} a6 {[%emt 0:01:30]} 6. Bf1 {[%emt 0:00:00]} e6 {[%emt 0:02:30]} 7. c3 {[%emt 0:00:00]} Be7 {[%emt 0:01:30]} 8. d4 {[%emt 0:00:30]} cxd4 {[%emt 0:00:30] LiveBook: 16 Games} 9. cxd4 {[%emt 0:00:30]} O-O {[%emt 0:01:30]} 10. Nc3 {[%emt 0:00:00] B51: Sicilian: Moscow Variation (3 Bb5+) without 3...Bd7} b5 {[%emt 0:08:30]} 11. e5 {[%emt 0:06:00]} dxe5 $146 {[%emt 0:03:30]} ({Find the theoretical novelty and annotate with similar games:} 11... Nd5 12. Nxd5 exd5 13. Bf4 dxe5 14. dxe5 Nc5 15. Nd4 Be6 16. Nc6 Qd7 17. Nxe7+ Qxe7 {1-0 (48) Toufighi,H (2454)-Farid,F (2249) Kolkata 2009}) 12. dxe5 {[%emt 0:01:30]} Ne8 $1 {[%emt 0:00:30]} 13. Bf4 {[%emt 0:09:30]} Bb7 {[%emt 0:01:30]} 14. Ne4 {[%emt 0:02:30]} Nb6 {[%emt 0:07:30]} 15. Qe2 {[%emt 0:03:30]} Nc7 {[%emt 0:07:30]} 16. Nfg5 {[%emt 0:08:30]} Bxe4 {[%emt 0:06:30]} 17. Nxe4 {[%emt 0:00:30]} Ncd5 {[%emt 0:00:30]} 18. Bg3 {[%emt 0:01:30]} Rc8 {[%emt 0:02:30]} 19. Red1 {[%emt 0:02:30]} Na4 {[%emt 0:10:30]} 20. Rd4 {[%emt 0:13:30]} Qb6 {[%emt 0:06:30]} 21. Rad1 {[%emt 0:02:30]} Rc4 {[%emt 0:09:30]} 22. Rxc4 {[%emt 0:09:30]} bxc4 {[%emt 0:00:30]} 23. Rd2 {[%emt 0:03:30] [%clk 0:28]} a5 {[%emt 0:19:23]} 24. Qxc4 {[%emt 0:06:30]} Nc5 $16 {[%emt 0:00:42] [#]} (24... Nxb2 $11 25. Qb3 Qxb3 26. axb3 Ba3) 25. b3 {[%emt 0:00:30]} (25. Nd6 $1 $16) 25... Nxe4 {[%emt 0:00:30]} 26. Qxe4 {[%emt 0:00:30]} Rc8 {[%emt 0:00:25]} 27. Bc4 {[%emt 0:01:30]} Qb4 {[%emt 0:01:10]} 28. Qd3 {[%emt 0:01:30]} Nb6 {[%emt 0:01:18]} 29. Rc2 {[%emt 0:07:18]} Rd8 {[%emt 0:01:38]} 30. Qf1 {[%emt 0:00:36]} g6 {[%emt 0:02:11]} 31. h3 {[%emt 0:00:40]} Kg7 {[%emt 0:00:15]} 32. Bf4 {[%emt 0:00:53]} Nd5 {[%emt 0:01:25]} 33. Bd2 {[%emt 0:01:12]} Qc5 {[%emt 0:00:27]} 34. Qc1 {[%emt 0:00:25]} Nb4 {[%emt 0:00:57]} 35. Bxb4 {[%emt 0:01:55]} Qxb4 {[%emt 0:00:15]} 36. g3 {[%emt 0:01:37]} Qb6 {[%emt 0:00:54]} 37. h4 {[%emt 0:00:39]} Qd4 {[%emt 0:00:31]} 38. Re2 {[%emt 0:00:23]} Bxh4 {[%emt 0:00:46]} 39. gxh4 {[%emt 0:01:29]} Qg4+ {[%emt 0:00:13]} 40. Kh2 {[%emt 0:02:45]} Qxh4+ {[%emt 0:00:11]} 41. Kg2 {[%emt 0:00:29]} Qg4+ {[%emt 0:00:35]} 42. Kh2 {[%emt 0:00:14]} Qh5+ {[%emt 0:00:56]} 43. Kg2 {[%emt 0:01:04]} Qg4+ {[%emt 0:00:50]} 44. Kh2 {[%emt 0:00:07]} Rd4 {[%emt 0:00:41]} 45. f4 {[%emt 0:04:13]} Rxf4 {[%emt 0:00:33]} 46. Rg2 {[%emt 0:00:44]} Qh5+ {[%emt 0:00:13]} 47. Kg1 {[%emt 0:00:16]} Rd4 {[%emt 0:00:52]} 48. Qe3 {[%emt 0:00:37]} Qd1+ {[%emt 0:00:17]} 49. Bf1 {[%emt 0:00:23]} Rh4 {[%emt 0:00:46]} 50. Qf2 {[%emt 0:01:13]} Qh5 {[%emt 0:00:14]} 51. Qf6+ {[%emt 0:00:05]} Kg8 {[%emt 0:00:40]} 52. Be2 {[%emt 0:05:54]} Rh1+ {[%emt 0:00:11]} 53. Kf2 {[%emt 0:00:01]} Qh3 {[%emt 0:00:53]} 54. Qd8+ {[%emt 0:00:33]} Kg7 {[%emt 0:00:03]} 55. Qf6+ {[%emt 0:00:04]} Kg8 {[%emt 0:00:04]} 56. Bf3 {[%emt 0:00:59]} Ra1 {[%emt 0:00:30]} 57. Qd8+ {[%emt 0:00:17]} Kg7 {[%emt 0:00:00]} 58. Qf6+ {[%emt 0:00:06]} Kg8 {[%emt 0:00:06]} 59. Qd8+ {[%emt 0:01:41]} Kg7 {[%emt 0:00:01]} 60. Qf6+ {[%emt 0:00:37]} Kg8 {[%emt 0:00:19]} 61. Qd8+ {[%emt 0:01:23]} 1/2-1/2